000 00291nam a2200097Ia 4500
005 20260328104311.0
008 260328s9999||||xx |||||||||||||| ||und||
100 _aSánchez Lampreave, Ricardo
245 0 _aLas Otras Grandes Vías. Miradas a su tiempo /
_cRicardo Sánchez Lampreave
942 _cBK
999 _c10948
_d10948